Annuaire national des syndicats d'initiatives (Record no. 2487)

MARC details
000 -LEADER
campo de control de longitud fija 01017nas a2200253 i 4500
001 - NÚMERO DE CONTROL
campo de control 2487
003 - IDENTIFICADOR DE NÚMERO DE CONTROL
campo de control ES-MaACL
005 - FECHA Y HORA DE LA ÚLTIMA TRANSACCIÓN
campo de control 20250217134638.0
007 - CAMPO FIJO DE DESCRIPCIÓN FÍSICA--INFORMACIÓN GENERAL
campo de control de longitud fija t|
008 - DATOS DE LONGITUD FIJA--INFORMACIÓN GENERAL
campo de control de longitud fija 950801d1924193ufr | | 1 ||pa d
245 00 - MENCIÓN DEL TÍTULO
Título Annuaire national des syndicats d'initiatives
Resto del título : renseignements sur les stations climatiques, thermales et de tourisme... /
Mención de responsabilidad, etc. Union des fédérations des syndicats d'initiatives ["puis" E.S.S.I.] de France, colonies et protectorats U.F.S.I. ["puis" U.F. E.S.S.I.] ; dir. M. Pierre Andigier.
250 ## - MENCION DE EDICION
Mención de edición Ed. española.
260 ## - PUBLICACIÓN, DISTRIBUCIÓN, ETC.
Lugar de publicación, distribución, etc. [Paris] :
Nombre del editor, distribuidor, etc. Union des Fédérations des Syndicats d'Iniciatives,
Fecha de publicación, distribución, etc. 1924-[193-?] (
Fabricante Dubois et Bauer)
300 ## - DESCRIPCIÓN FÍSICA
Extensión 3 v. ;
Dimensiones 23 cm.
310 ## - PERIODICIDAD ACTUAL
Periodicidad actual Anual
362 0# - FECHAS DE PUBLICACIÓN Y/O DESIGNACIÓN SECUENCIAL
Fecha de publicación y/o designación secuencial 1924/25 [I]-193?
650 14 - PUNTO DE ACCESO ADICIONAL DE MATERIA--TÉRMINO DE MATERIA
Término de materia o nombre geográfico como elemento de entrada Deportes.
9 (RLIN) 11591
700 1# - ENTRADA AGREGADA--NOMBRE PERSONAL
Nombre de persona Andigier, Pierre,
9 (RLIN) 194501
710 2# - ENTRADA AGREGADA--NOMBRE DE ENTIDAD CORPORATIVA
Nombre de entidad corporativa o nombre de jurisdicción como elemento de entrada Union des Fédérations des Syndicats d'Inictiatives (
Sede del congreso/Lugar de la reunión París,
9 (RLIN) 134999
852 ## - LOCALIZACIÓN
Ubicación ES-MaACL
Número de control de estantería B-13585-7
866 #0 - MENCIÓN TEXTUAL DE FONDOS--UNIDAD BIBLIOGRÁFICA BÁSICA
Fondos 1930-32.
942 ## - ELEMENTOS DE ENTRADA SECUNDARIOS (KOHA)
Fuente del sistema de clasificación o colocación Clasificación decimal universal
Holdings
Estatus retirado Estado de pérdida Fuente del sistema de clasificación o colocación Estado de daño No para préstamo Colección Biblioteca de origen Biblioteca actual Ubicación en estantería Fecha de adquisición Total de préstamos Signatura topográfica completa Código de barras Visto por última vez Precio de reemplazo Tipo de ítem Koha
    Clasificación decimal universal     Periódicos y Revistas Biblioteca del Ateneo de Madrid Biblioteca del Ateneo de Madrid Sala Pardo Bazán 17/01/2008   B-13585-7 1002530 23/02/2023 23/02/2023 Revista